Szczegóły MARC21

Hermann und Hedwig Stehr im Briefwechsel mit Gerhart und Margarete Hauptmann /

003 -Nazwa inst., której nr kontr. jest w polu 001 [,]
    • @
    • Nazwa instytucji, której n kontrolny jest w polu 001
    • NUKAT
005 -DATA I CZAS OSTATNIEJ MODYFIKACJI [,]
    • @
    • pole kontrolne
    • 20241231103419.0
020 -Międzynarod. znormalizowany nr książki - ISBN [ , ]
    • a
    • Numer ISBN
    • 9783503098521 Find
040 -Instytucja sporządzająca opis [ , ]
    • a
    • Instytucja, która sporządziła opis (NP)
    • SZCZ U/AB
    • b
    • Język katalogowania
    • pol
    • e
    • Zasady katalogowania
    • rda
    • c
    • Instytucja, która sporządziła rekord (NP)
    • SZCZ U/ABs
942 -Rodzaj dokumentu [ , ]
    • c
    • Rodzaj dokumentu
    • Książka
245 -Strefa tytułu i oznaczenia odpowiedzialności [0,0]
    • a
    • Tytuł
    • Hermann und Hedwig Stehr im Briefwechsel mit Gerhart und Margarete Hauptmann / Find
    • c
    • Pozostałe elementy strefy tytułu i oznaczenia odpowiedzialności (NP)
    • herausgegeben von Peter Sprengel.
260 -Strefa adresu wydawniczego [ , ]
    • a
    • Miejsce wydania (P)
    • Berlin :
    • b
    • Nazwa wydawcy (P)
    • Erich Schmidt Verlag,
    • c
    • Data wydania (P)
    • © 2008.
300 -Strefa opisu fizycznego [ , ]
    • a
    • Określenie formy książki i/lub objętość (NP)
    • 262 strony :
    • b
    • Oznaczenie ilustracji (NP)
    • ilustracje ;
    • c
    • Format (NP)
    • 24 cm.
336 -Typ zawartości [ , ]
    • a
    • Termin opisujący typ zawartości
    • Tekst
    • b
    • Kod określający zawartość
    • txt
    • 2
    • Źródło (terminu i kodu)
    • rdacontent
337 -Typ mediów [ , ]
    • a
    • Tryb odtwarzania
    • Bez urządzenia pośredniczącego
    • b
    • Kod typu mediów
    • n
    • 2
    • Źródło (terminu i kodu)
    • rdamedia
338 -Typ/rodzaj nośnika [ , ]
    • a
    • Hasło opisujące typ nośnika
    • Wolumin
    • b
    • Kod typu nośnika
    • nc
    • 2
    • Źródło (terminu i kodu)
    • rdacarrier
490 -Strefa serii i książki wielotomowej - forma nie do wyszukiwania [1, ]
    • a
    • Tytuł (P)
    • Veröffentlichungen der Gerhart-Hauptmann-Gesellschaft, ; Find
    • v
    • Numeracja (P)
    • Bd. 14
830 -Hasło dodatkowe serii i opisu książki wielotomowej - tytuł ujednolicony/tytuł [ ,0]
    • a
    • Tytuł ujednolicony/tytuł (NP)
    • Veröffentlichungen der Gerhart-Hauptmann-Gesellschaft
    • x
    • ISSN
    • 0947-983X
    • v
    • Oznaczenie tomu (NP)
    • Bd. 14
    • 9
    • KHW
    • 8637
504 -Uwaga dot. bibliogr. załącznikowej [ , ]
    • a
    • Uwaga dot. bibliografii załącznikowej
    • Bibliografia na stronach 253-254. Indeks.
080 -Uniwersalna Klasyfikacja Dziesiętna [ , ]
    • 2
    • Identyfikator wydania tablic
    • UDC-P058
    • 9
    • UKD
    • 6953
    • a
    • Symbol klasyfikacji
    • 929-052A/Z
    • b
    • Dopowiedzenie
    • Biografie indywidualne.
    • 4
    • UKD2
    • 7885
    • x
    • Poddział wspólny
    • (430)
    • c
    • Dopowiedzenie poddz. wspólnego
    • (Niemcy. Republika Federalna od 1990).
    • 4
    • UKD2
    • 8643
    • x
    • Poddział wspólny
    • "190/194"
    • c
    • Dopowiedzenie poddz. wspólnego
    • Wiek XX - I połowa.
    • 4
    • UKD2
    • 7631
    • x
    • Poddział wspólny
    • =112.2
    • c
    • Dopowiedzenie poddz. wspólnego
    • =Język niemiecki (wysokoniemiecki, standardowy niemiecki).
080 -Uniwersalna Klasyfikacja Dziesiętna [ , ]
    • 2
    • Identyfikator wydania tablic
    • UDC-P058
    • 9
    • UKD
    • 8139
    • a
    • Symbol klasyfikacji
    • 821.112.2(091)A/Z
    • b
    • Dopowiedzenie
    • Literatura niemiecka (historia). Poszczególni pisarze.
    • 4
    • UKD2
    • 7631
    • x
    • Poddział wspólny
    • =112.2
    • c
    • Dopowiedzenie poddz. wspólnego
    • =Język niemiecki (wysokoniemiecki, standardowy niemiecki).
    • 4
    • UKD2
    • 8643
    • x
    • Poddział wspólny
    • "190/194"
    • c
    • Dopowiedzenie poddz. wspólnego
    • Wiek XX - I połowa.
080 -Uniwersalna Klasyfikacja Dziesiętna [ , ]
    • 2
    • Identyfikator wydania tablic
    • UDC-P058
    • 9
    • UKD
    • 8644
    • a
    • Symbol klasyfikacji
    • 821.112.2-6
    • b
    • Dopowiedzenie
    • Literatura niemiecka. - Listy. Korespondencja.
    • 4
    • UKD2
    • 8643
    • x
    • Poddział wspólny
    • "190/194"
    • c
    • Dopowiedzenie poddz. wspólnego
    • Wiek XX - I połowa.
    • 4
    • UKD2
    • 7631
    • x
    • Poddział wspólny
    • =112.2
    • c
    • Dopowiedzenie poddz. wspólnego
    • =Język niemiecki (wysokoniemiecki, standardowy niemiecki).
600 -Hasło przedmiotowe w formie nazwy osobowej [1,7]
    • a
    • Nazwa osobowa
    • Stehr, Hermann
    • d
    • Daty związane z nazwą
    • (1864-1940)
    • v
    • Określnik formalny
    • korespondencja.
    • 2
    • Źródło terminu
    • kaba
    • 9
    • KHW
    • 646102
600 -Hasło przedmiotowe w formie nazwy osobowej [1,7]
    • a
    • Nazwa osobowa
    • Hauptmann, Gerhart
    • d
    • Daty związane z nazwą
    • (1862-1946)
    • v
    • Określnik formalny
    • korespondencja.
    • 2
    • Źródło terminu
    • kaba
    • 9
    • KHW
    • 413750
600 -Hasło przedmiotowe w formie nazwy osobowej [1,7]
    • a
    • Nazwa osobowa
    • Hauptmann, Margarete
    • d
    • Daty związane z nazwą
    • (1875-1957)
    • v
    • Określnik formalny
    • korespondencja.
    • 2
    • Źródło terminu
    • kaba
    • 9
    • KHW
    • 646101
980 -Symbol UKD [ , ]
    • a
    • UKD
    • 929-052(430):821.112.2(091)]Stehr H., Hauptmann G.+821.112.2-6]"190/194"=112.2
700 -Hasło dodatkowe - nazwa osobowa [1, ]
    • a
    • Nazwa osobowa (NP)
    • Stehr, Hermann Find
    • d
    • Daty biograficzne (NP)
    • (1864-1940).
    • e
    • Określenie rodzaju współpracy
    • Autor
    • 9
    • KHW
    • 253103
700 -Hasło dodatkowe - nazwa osobowa [1, ]
    • a
    • Nazwa osobowa (NP)
    • Stehr Hedwig Find
    • d
    • Daty biograficzne (NP)
    • (1874-1939).
    • e
    • Określenie rodzaju współpracy
    • Autor
    • 9
    • KHW
    • 646052
700 -Hasło dodatkowe - nazwa osobowa [1, ]
    • a
    • Nazwa osobowa (NP)
    • Hauptmann, Gerhart Find
    • d
    • Daty biograficzne (NP)
    • (1862-1946).
    • e
    • Określenie rodzaju współpracy
    • Autor
    • 9
    • KHW
    • 37278
700 -Hasło dodatkowe - nazwa osobowa [1, ]
    • a
    • Nazwa osobowa (NP)
    • Hauptmann, Margarete Find
    • d
    • Daty biograficzne (NP)
    • (1875-1957).
    • e
    • Określenie rodzaju współpracy
    • Autor
    • 9
    • KHW
    • 289121
700 -Hasło dodatkowe - nazwa osobowa [1, ]
    • a
    • Nazwa osobowa (NP)
    • Sprengel, Peter Find
    • d
    • Daty biograficzne (NP)
    • (1949- ).
    • e
    • Określenie rodzaju współpracy
    • Redakcja
    • 9
    • KHW
    • 8636
710 -Hasło dodatkowe - nazwa ciała zbiorowego [2, ]
    • a
    • Nazwa ciała zbiorowego lub nazwa geograficzna jako pierwszy element (NP)
    • Erich Schmidt Verlag.
    • e
    • Rodzaj współpracy
    • Wydawca
    • 4
    • Kod relacji
    • pbl
    • 9
    • KHW
    • 412058
920 -ISBN [ , ]
    • a
    • ISBN
    • 978-3-503-09852-1 Find
Lokalizacja Data inwentaryzacji Status udost. Numer inwentarzowy Sygnatura
BM2009-10-20-3G.18697Germ. Literaturoznawstwo 20